00560nam a2200181Ia 4500008004100000020001800041050001400059245003300073245003100106260002600137260003500163260000900198300001400207300002500221300001000246999001900256952010300275180207s9999 xx 000 0 und d a9788184850529 bP424 2009 aPepper watches too much TV : bteaching children values / aManila, Philippines : bWS Pacific Publications, Inc., c2009 aunpaged : bcolor illustration ; c28cm. c355537d355537 001040aSSISMbSSISMd2018-02-07l0oER P424 2009pSSISM5082r2018-02-07 00:00:00w2018-02-07yBK